Married to Bhutan : (Record no. 2366)

MARC details
000 -LEADER
fixed length control field 01505cam a2200349 4500
001 - CONTROL NUMBER
control field 2945
005 - DATE AND TIME OF LATEST TRANSACTION
control field 20230301163613.0
008 - FIXED-LENGTH DATA ELEMENTS--GENERAL INFORMATION
fixed length control field 100820s2011 cau b 000 0aeng
010 ## - LIBRARY OF CONGRESS CONTROL NUMBER
LC control number 2010032834
020 ## - INTERNATIONAL STANDARD BOOK NUMBER
International Standard Book Number 1401928463 (pbk. : alk. paper)
International Standard Book Number 1401930948 (digital)
International Standard Book Number 9781401930943 (digital)
International Standard Book Number 9789380480992 (pbk. : alk. paper)
100 1# - MAIN ENTRY--PERSONAL NAME
Personal name Leaming, Linda,
Dates associated with a name 1954-
245 10 - TITLE STATEMENT
Title Married to Bhutan :
Remainder of title how one woman got lost, said "I do," and found bliss /
Statement of responsibility, etc. Linda Leaming.
250 ## - EDITION STATEMENT
Edition statement 1st ed.
260 ## - PUBLICATION, DISTRIBUTION, ETC.
Place of publication, distribution, etc. Carlsbad, Calif. :
Name of publisher, distributor, etc. Hay House,
Date of publication, distribution, etc. c2011.
300 ## - PHYSICAL DESCRIPTION
Extent xi, 249 p. ;
Dimensions 22 cm.
504 ## - BIBLIOGRAPHY, ETC. NOTE
Bibliography, etc. note Includes bibliographical references.
505 0# - FORMATTED CONTENTS NOTE
Formatted contents note From this day forward -- Lucky in love -- Engaged -- For better, for worse -- With this wing I thee red -- Wooing -- To love and to cherish (a fish out of water) -- To have and to hold -- A perfect union -- Ceremony -- As long as we both shall live -- Wedded bliss -- Epilogue -- A little more about Bhutan -- Glossary.
600 10 - SUBJECT ADDED ENTRY--PERSONAL NAME
Personal name Leaming, Linda,
Dates associated with a name 1954-
Personal name Leaming, Linda,
Dates associated with a name 1954-
General subdivision Marriage.
Personal name Leaming, Linda,
Dates associated with a name 1954-
General subdivision Travel
Geographic subdivision Bhutan.
650 #0 - SUBJECT ADDED ENTRY--TOPICAL TERM
Topical term or geographic name entry element Americans
Geographic subdivision Bhutan
Form subdivision Biography.
Topical term or geographic name entry element Intercountry marriage
Geographic subdivision Bhutan.
651 #0 - SUBJECT ADDED ENTRY--GEOGRAPHIC NAME
Geographic name Bhutan
Form subdivision Biography.
Geographic name Bhutan
General subdivision Description and travel.
Geographic name Bhutan
General subdivision Social life and customs.
Geographic name Thimphu (Bhutan)
Form subdivision Biography.
942 ## - ADDED ENTRY ELEMENTS (KOHA)
Source of classification or shelving scheme Dewey Decimal Classification
Koha item type Main
Holdings
Withdrawn status Lost status Source of classification or shelving scheme Damaged status Not for loan Collection code Home library Current library Shelving location Date acquired Serial Enumeration / chronology Inventory number Total Checkouts Total Renewals Full call number Barcode Date last seen Date last checked out Price effective from Koha item type
    Dewey Decimal Classification     Main TEST RTC Library RTC Library Main opac 04/04/2023 5844 8 3 920 LEA 30001317 06/05/2025 06/05/2025 27/11/2018 Main
    Dewey Decimal Classification     Main TEST RTC Library RTC Library Main opac 01/03/2023 177012       920 LEA 30018599 01/03/2023   01/03/2023 Main
Royal Thimphu College || All Right Reserved